Plants are Some of My Favorite People /

Збережено в:
Бібліографічні деталі
Автор: Wilson, Tom (autor)
Формат: Книга
Мова:Англійська
Опубліковано: Nueva York, EUA : New American Library, 1976
Серія:(Signet ; Humor ; 8055. 125)
Предмети:
Теги: Додати тег
Немає тегів, Будьте першим, хто поставить тег для цього запису!

MARC

LEADER 00000nam^a2200000^a^4500
001 000024114
005 20250521000000.0
009 20260310084559.537
020 |a 0-451-08055-6 
037 |a Acervo ITESO - Biblioteca 
041 |a ING 
082 |a 741. 509  |b WIL 
100 |a Wilson, Tom  |e (autor) 
245 1 0 |a Plants are Some of My Favorite People /  |c T. Wilson. 
264 1 |a Nueva York, EUA :  |b New American Library,  |c 1976 
300 |a 1 v. (sin paginación) 
336 |a texto  |b txt  |2 rdacontenido 
337 |a sin mediación  |b n  |2 rdamedio 
338 |a volumen  |b nc  |2 rdasoporte 
440 1 |a (Signet ;  |v 8055.  |p Humor ;  |v 125) 
649 |a XX 
650 |a Medios de Comunicación 
650 |a Historietas y Caricaturas de Humor 
650 |a Historietas y Caricaturas Norteamericanas 
910 |a Fondo General 
920 |a Impresos - Libros 
930 |a Colección General 
905 |a 101 
901 |a 0241140100  |b IT1  |c ACC  |i 024114  |u 20250521 
902 |a https://opac.biblio.iteso.mx/vufind/Record/000024114